Statistics for States in 1900 with the Most % Southern Transplants

Click here to take the quiz!

General Stats

  • This quiz has been taken 14 times
  • The average score is 6 of 8

Answers on the Map

Answers color-coded by a green-red scale on the quiz's map according to % correct below.
 

Answer Stats

PercentAnswer% Correct
5Colorado
100%
8Missouri
100%
5Indiana
90%
10Arizona
80%
5Kansas
80%
6New Mexico
80%
4Wyoming
60%
4Washington
50%

Score Distribution

Percentile by Number Answered

Percent of People with Each Score

Your Score History

You have not taken this quiz